000 00483nam a2200181Ia 4500
003 LK-CoDNM
008 010623t2007 xxu||||| |||| 00| 1 sin d
040 _aLK-CoDNM
_dLK-CoDNM
_eLK-CoDNM
041 _asin
080 _a929 SAL
100 _aSaluwadana, J.C.
_etr.
245 _aඅශෝක අධිරාජ්‍යයා
246 _aAsoka the Great
260 _bStamford publication
_aColombo
_c2007
300 _b(xiii)196, 21 cm
650 _aBiography
942 _cBK
999 _c126517
_d126517